000 00351nam a2200133Ia 4500
008 240624s9999 xx 000 0 und d
041 _aeng
082 _a300.72 PRI
100 _aPRIVITERA GREGORY J
245 _aRESEARCH METHODS FOR THE BEHAVIORAL SCIE
260 _c2014
_aNew Delhi
_bSage
300 _axxix, : 593 : p. : cm. ; 26
365 _c
_b38
999 _c23012
_d23012